00250nam a2200121Ia 450000500170000000800410001704100080005810000150006624500110008125000080009226000200010030000080012020251013221649.0251010s9999 xx 000 0 und d aeng aHailey, H. aWheels a1ST bMacmillanc1976 a414